000 00762nam a2200217 4500
001 43510
090 _a43510
100 _a20240909 pory50
101 _apor
102 _aPT
200 _aNovelas Inquérito
_fThomas Mann ... [et al.]
210 _aLisboa
_cEditorial Inquérito
_d[19--?]
215 _av.
225 _aNovelas Inquérito
_eAs melhores novelas dos melhores novelistas
_v31, 32 , 33 , 34 , 35
327 _avol. contém:Tristão de Thomas Mann ; Margot de Alfred de Musset ; O espelho da Tia Margarida de Walter Scott ; Suleima de Pierre Loti (Julien Viaud) ; O médico louco de Leónidas Andreief
675 _a821.112.2-32
675 _a821.111-32
675 _a821.133.1-32
675 _a821.161.1-32
801 _aPT
_gRPC
990 _cLIVROS